000 01003cam a2200241 4500
001 ABS65240
008 020402n2002 000 0 eng u
035 _a(Sirsi) u117308
245 _aProperty Week : Scotland supplement
260 _c2002
490 _aProperty Week
_v March 2002, 3-61(59) (LOAN)
520 _aSupplement on Scotland. Investigates the activities of the Royal Bank of Scotland; First minister Jack McConnell sets out his plans for Scoland's business community; Teesland's owner talks about his company's future; discusses Standard Life's property investment across London and Europe and outlines how Aberdeen, Dundee and Inverness are faring.
590 _aABS
650 _aABERDEEN
650 _aINVERNESS
650 _aDUNDEE
650 _aFLOORSPACE
650 _aPROPERTY-COMMERCIAL PROPERTY-OFFICE PROPERTY-OFFICE PROPERTY MARKET
650 _aEDINBURGH
650 _aGLASGOW
690 _aPROPERTY-COMMERCIAL PROPERTY-COMMERCIAL PROPERTY MARKET
942 _n0
999 _c69888
_d69888